| 000 | 00863aaa a2200229 a 4500 | ||
|---|---|---|---|
| 003 | BLK | ||
| 005 | 20240216005247.0 | ||
| 007 | ta | ||
| 008 | 221104b bu |||||r|||| 00| | bu d | ||
| 040 | _aBLK | ||
| 041 |
_aBUL _cBUL |
||
| 080 |
_aБългарска литература _b821.163.2 _x-1 _z821.163.2-1 |
||
| 100 |
_aДимитров, Светлозар Акендиев _d1905 - 1958 _9279426 |
||
| 245 |
_aШега _b[Стихотворение] _cСветлозар Димитров. |
||
| 300 | _aІ, № 28, 1 юли 1933, с. 2 | ||
| 500 | _aПодпис: Змей Горянин | ||
| 653 |
_9187031 _aЗмей Горянин |
||
| 773 | 0 |
_tЩУРЕЦ _w292805 _dП-ца Право 1933 _i. // |
|
| 856 |
_i0.00 _ldisable |
||
| 942 |
_2udc _cSTA _n0 |
||
| 944 |
_cСевдалина Тодорова _k _lCRON CRON _a30540 |
||
| 999 |
_c502034 _d502034 |
||